000 00280nam a22001337a 4500
008 170419b xxu||||| |||| 00| 0 eng d
020 _a2900393931616
041 _aeng
080 _a573
100 _a11
101 _aSHM
245 _aDISCOVER BIOLOGY
_cCAIN
942 _2udc
_cBK
999 _c11067
_d11067